1662 1536 1889 1695 1883 1866 1535 1234 1022 1178 1212 1897 1201 1507 1838 1141 1316 1548 1339 1017 1024 1875 1416 1247 1606 1918 1359 1481 1067 1979 1247 1405 1797 1768 1195 1358 1669 1780 1341 1524 1453 1766 1256 1372 1233 1229 1470 1043 1587 1403 1598 1002 1994 1352 1809 1282 1318 1073 1294 1899 1797 1008 1762 1534 1864 1131 1697 1729 1916 1026 1958 1987 1357 1851 1506 1178 1878 1570 1238 1989 1040 1564 1253 1428 1374 1895 1764 1608 1942 1771 1207 1752 1135 1724 1425 1477 1832 1202 1333 BCNSPRNW ULIB Ver.6.0+V

เปลี่ยนเป็นภาษาไทย

Change to English
 แสดงรายละเอียดบรรณานุกรม
  กลับหน้าหลัก

Brief Record : Get Marc (ISO 2709) : E-mail record : QR code < ปิดหน้าต่าง
LEADER : 00000nam 2200000uu 4500
001    13399126874
003     ULIB
008    190821s2562||||th 000 0 tha d
020    ^a9789740338352
060    ^aWX167^bจ258ก
100    ^aจันทร์ฉาย มณีวงษ์
245    ^aการพยาบาลด้านการป้องกันและควบคุมการแพร่กระจายเชื้อในโรงพยาบาล
250    ^aพิมพ์ครั้งที่ 1
260    ^aกรุงเทพฯ :^bแห่งจุฬาลงกรณ์มหาวิทยาลัย,^c2562
300    ^a132 หน้า^bภาพประกอบ, ตาราง
650    ^aการติดเชื้อในโรงพยาบาล^xการป้องกัน
650    ^aโรคติดเชื้อในโรงพยาบาล^xการป้องกัน
945    ^p160^l0^i005611
945    ^p160^l0^i005610
945    ^p160^l0^i005609
945    ^p160^l0^i005607
945    ^p160^l0^i005608
999    ^aประนอม เกษจรัล
รายการนี้ยังไม่มีแท็ก
คุณยังไม่ได้ล็อกอิน คุณสามารถมีกิจกรรมร่วมกับเว็บไซต์ได้ แต่ต้องล็อกอินก่อน ::
  ล็อกอิน

รายการสื่อสารสนเทศ

ลำดับที่ ประเภท เลขเรียก/บาร์โค้ด สถานที่ สถานะ
1. วิทยาศาสตร์การแพทย์ และสุขภาพ
หนังสือสำรอง
สถานะ=หนังสือสำรอง
WX167 จ258ก ฉ.1 
  Barcode: 005607
ห้องสมุดวิทยาเขตสวรรค์ประชารักษ์
►หนังสือทั่วไป
บนชั้น
2. วิทยาศาสตร์การแพทย์ และสุขภาพ
วิทยาศาสตร์การแพทย์ และสุขภาพ
WX167 จ258ก ฉ.2 
  Barcode: 005608
ห้องสมุดวิทยาเขตสวรรค์ประชารักษ์
►หนังสือทั่วไป
บนชั้น
3. วิทยาศาสตร์การแพทย์ และสุขภาพ
วิทยาศาสตร์การแพทย์ และสุขภาพ
WX167 จ258ก ฉ.3 
  Barcode: 005609
ห้องสมุดวิทยาเขตสวรรค์ประชารักษ์
►หนังสือทั่วไป
บนชั้น
4. วิทยาศาสตร์การแพทย์ และสุขภาพ
วิทยาศาสตร์การแพทย์ และสุขภาพ
WX167 จ258ก ฉ.4 
  Barcode: 005610
ห้องสมุดวิทยาเขตสวรรค์ประชารักษ์
►หนังสือทั่วไป
บนชั้น
5. วิทยาศาสตร์การแพทย์ และสุขภาพ
วิทยาศาสตร์การแพทย์ และสุขภาพ
WX167 จ258ก ฉ.5 
  Barcode: 005611
ห้องสมุดวิทยาเขตสวรรค์ประชารักษ์
►หนังสือทั่วไป
บนชั้น

รายการใกล้เคียง
    ชื่อเรื่อง [การพยาบาลด้านการป้องกันและควบคุมการแพร่กระจายเชื้อในโรงพยาบาล]

    ผู้แต่ง [จันทร์ฉาย มณีวงษ์]

BibComment


ยังไม่เคยถูกคอมเมนท์

คอมเมนท์ทรัพยากรรายการนี้
  คอมเมนท์: การพยาบาลด้านการ..


 Copyright 2026. Bcnsprnw @Library